| 000 | 00387 a2200157 4500 | ||
|---|---|---|---|
| 001 | 50568 | ||
| 020 | _a8506025583 | ||
| 040 | _cAnchieta - Bela Vista | ||
| 100 | _aMorgan, Gareth | ||
| 240 | 1 | 0 |
_aInsetos e outros bichinhos _lpor |
| 245 | 1 | 0 | _aInsetos e outros bichinhos |
| 300 | _a40 | ||
| 362 | 0 | _a1998 | |
| 650 | 4 | _aTemas específicos da história natural dos animais | |
| 942 | _cBK | ||
| 999 |
_c50568 _d50568 |
||